000 01115nam a22002417a 4500
001 41585
003 BD-RjUL
005 20211209053421.0
008 160602s1962 bg ||||| |||| 00| 0 ben d
035 _a(BD-RjUL)41703
040 _aBD-RjUL
_bben
_cBD-RjUL
041 _aben
082 _223
_a297.61
_bKHH 1962
100 _aখান, মুহিউদ্দীন
_9127771
245 1 0 _aহায়াতে মদনী :
_bশায়খুল-ইসলাম হযরত মওলানা সৈয়দ হুসায়ন আহমদ মদনী (রাঃ)-এর জীবন-চরিত /
_cমুহিউদ্দীন খান, মুহাম্মদ ছফিউল্লাহ
250 _a১ম সং.
260 _aঢাকা :
_bআশরাফিয়া লাইব্রেরী,
_c১৯৬২
300 _a[১২], ৪০০ পৃ. ;
_c১৮ সেমি.
650 _aইসলাম
_xনেতা
_9127637
650 _aIslam
_xLeader
_9127638
700 _aছফিউল্লাহ, মুহাম্মদ
_9127772
942 _2ddc
_cBK
999 _c41585
_d41585